Riconosci lo Stato - Quiz n°131 - Statistics

Statistiche generali
  • Questo quiz è stato fatto 27 volte
  • Il punteggio medio è 11 su 12
Statistiche sulle risposte
Indizio Risposta % Corretto
Popolazione 71 848 800 ab.
100%
Valuta Baht
100%
Primo ministro Srettha Thavisin
100%
Superficie 513 120 km²
95%
Iniziale della Capitale B
95%
Fuso Orario UTC+7
95%
Forma di Governo Monarchia parlamentare (de iure) Dittatura militare (de facto)
90%
ISU 0,888
85%
PIL (nominale) 512 800 milioni di $
85%
Tasso di crescita 0,25%
75%
Presidente della Repubblica Rama X
70%
Risposta Thailandia
70%
Nessun quiz corrispondente trovato
Distribuzione punteggi
Percentuale di utenti per punteggio
Percentile per numero di risposta
I tuoi punteggi nel tempo
Non hai fatto questo quiz